000 00793nam a2200253Ia 4500
003 OSt
005 20220923224951.0
006 a|||||r|||| 00| 0
007 ta
008 220922b |||||||| |||| 00| 0 hin d
024 _a254,392
037 _cTextual
040 _aARTS
_cARTS
_bhin
041 _2hin
_ahin
082 _aO152,3N361,NP, L8;L9
100 _aभ्रमर, रामकुमार
245 0 _aनागपाश
246 _aNāgapāsha
260 _aदिल्ली
_b राजपाल एण्ड सन्स
_c1979
300 _a126पृ.
_ccm.
650 _aहिन्दी साहित्य
_9156264
942 _hO152,3N361,NP, L8;L9
_cTEXL
_2CC
999 _c375054
_d375054